Experiments in modern physics / (Record no. 11414)
[ view plain ]
| 000 -LEADER | |
|---|---|
| fixed length control field | 01375cam a2200349 i 4500 |
| 001 - CONTROL NUMBER | |
| control field | 13042961 |
| 003 - CONTROL NUMBER IDENTIFIER | |
| control field | EG-ScBUE |
| 005 - DATE AND TIME OF LATEST TRANSACTION | |
| control field | 20250128092014.0 |
| 008 - FIXED-LENGTH DATA ELEMENTS--GENERAL INFORMATION | |
| fixed length control field | 021227t2003 caua f b 001 0 eng d |
| 020 ## - INTERNATIONAL STANDARD BOOK NUMBER | |
| International Standard Book Number | 0124898513 |
| 020 ## - INTERNATIONAL STANDARD BOOK NUMBER | |
| International Standard Book Number | 9780124898516 |
| 035 ## - SYSTEM CONTROL NUMBER | |
| System control number | (DLC) 2002117796 |
| 040 ## - CATALOGING SOURCE | |
| Original cataloging agency | DLC |
| Language of cataloging | eng |
| Description conventions | rda |
| Transcribing agency | DLC |
| Modifying agency | DLC |
| -- | EG-ScBUE |
| 082 04 - DEWEY DECIMAL CLASSIFICATION NUMBER | |
| Classification number | 530.078 |
| Edition number | 22 |
| Item number | MEL |
| 100 1# - MAIN ENTRY--PERSONAL NAME | |
| Personal name | Melissinos, Adrian C. |
| Fuller form of name | (Adrian Constantin), |
| Dates associated with a name | 1929- |
| Relator term | author. |
| 9 (RLIN) | 4187 |
| 245 10 - TITLE STATEMENT | |
| Title | Experiments in modern physics / |
| Statement of responsibility, etc | Adrian C. Melissinos, University of Rochester, Jim Napolitano, Rensselaer Polytechnic Institute. |
| 250 ## - EDITION STATEMENT | |
| Edition statement | Second edition. |
| 264 #1 - PUBLICATION, DISTRIBUTION, ETC. (IMPRINT) | |
| Place of publication, distribution, etc | San Diego : |
| Name of publisher, distributor, etc | Academic Press, |
| Date of publication, distribution, etc | [2003] |
| 264 #4 - PUBLICATION, DISTRIBUTION, ETC. (IMPRINT) | |
| Date of publication, distribution, etc | c2003 |
| 300 ## - PHYSICAL DESCRIPTION | |
| Extent | xviii, 527 pages : |
| Other physical details | illustrations ; |
| Dimensions | 24 cm |
| 336 ## - CONTENT TYPE | |
| Source | rdacontent |
| Content type term | text |
| Content type code | txt |
| 337 ## - MEDIA TYPE | |
| Media type term | unmediated |
| Source | rdamedia |
| Media type code | n |
| 338 ## - CARRIER TYPE | |
| Carrier type term | volume |
| Carrier type code | nc |
| Source | rdacarrier |
| 504 ## - BIBLIOGRAPHY, ETC. NOTE | |
| Bibliography, etc | Includes bibliographical references and index. |
| 650 #7 - SUBJECT ADDED ENTRY--TOPICAL TERM | |
| Topical term or geographic name as entry element | Physics |
| General subdivision | Experiments. |
| Source of heading or term | BUEsh |
| 9 (RLIN) | 4188 |
| 655 ## - INDEX TERM--GENRE/FORM | |
| Form subdivision | Reading book |
| 700 1# - ADDED ENTRY--PERSONAL NAME | |
| Personal name | Napolitano, Jim, |
| Relator term | author. |
| 9 (RLIN) | 4189 |
| 856 42 - ELECTRONIC LOCATION AND ACCESS | |
| Materials specified | Publisher description |
| Uniform Resource Identifier | <a href="http://www.loc.gov/catdir/description/els031/2002117796.html">http://www.loc.gov/catdir/description/els031/2002117796.html</a> |
| 856 41 - ELECTRONIC LOCATION AND ACCESS | |
| Materials specified | Table of contents |
| Uniform Resource Identifier | <a href="http://www.loc.gov/catdir/toc/els031/2002117796.html">http://www.loc.gov/catdir/toc/els031/2002117796.html</a> |
| 942 ## - ADDED ENTRY ELEMENTS (KOHA) | |
| Source of classification or shelving scheme | Dewey Decimal Classification |
| Koha item type | Book - Borrowing |
| Withdrawn status | Lost status | Source of classification or shelving scheme | Damaged status | Not for loan | Collection code | Home library | Current library | Shelving location | Date acquired | Source of acquisition | Cost, normal purchase price | Serial Enumeration / chronology | Total Checkouts | Full call number | Barcode | Date last seen | Price effective from | Koha item type |
|---|---|---|---|---|---|---|---|---|---|---|---|---|---|---|---|---|---|---|
| Dewey Decimal Classification | Baccah | Central Library | Central Library | First floor | 23/04/2009 | 403.20 | 7117 | 530.078 MEL | 000016001 | 15/07/2025 | 23/04/2009 | Book - Borrowing |